000 00374nam a2200145Ia 4500
008 151213s9999 xx 000 0 und d
100 _aEsrarul Haque Chowdhury D L R
245 _aContract Act
_cEsrarul Haque Chowdhury D L R
260 _aDhaka
_c2002
300 _a2079 p.
650 _aLaw
650 _aLaw
700 _aEsrarul Haque Chowdhury D L R
999 _c1529
_d1529